[Event "Vienna Chess Open 2019"]
[Site "Vienna"]
[Date "2019.08.18"]
[Round "2.12"]
[White "Schwabeneder, Florian"]
[Black "Koehler, Gerhard"]
[Result "1-0"]
[WhiteElo "2404"]
[BlackElo "2197"]
[Annotator "NA"]
[PlyCount "73"]
[EventDate "2019.08.17"]
[EventType "swiss"]
[EventCountry "AUT"]
[SourceTitle "playchess.com"]
[Source "ChessBase"]
[SourceQuality "1"]
[TimeControl "40/5400+30:1800+30"]

1. e4 {[%emt 0:00:00]} c5 {[%emt 0:00:00]} 2. Nf3 {[%emt 0:00:02]} e6 {[%emt 0:00:00]} 3. c3 {[%emt 0:01:27]} Nf6 {[%emt 0:01:45]} 4. e5 {[%emt 0:00:10]} Nd5 {[%emt 0:00:10]} 5. d4 {[%emt 0:00:11]} cxd4 {[%emt 0:01:32]} 6. cxd4 {[%emt 0:01:17]} d6 {[%emt 0:01:19]} 7. Bc4 {[%emt 0:00:39]} Nc6 {[%emt 0:04:21]} 8. O-O {[%emt 0:00:19]} Be7 {[%emt 0:01:57]} 9. exd6 {[%emt 0:06:20]} Qxd6 {[%emt 0:01:12]} 10. Nc3 {[%emt 0:00:11]} Nxc3 {[%emt 0:05:36]} 11. bxc3 {[%emt 0:00:16]} O-O {[%emt 0:00:42]} 12. Re1 {[%emt 0:02:29]} b6 {[%emt 0:08:44]} 13. Ng5 {[%emt 0:03:45]} Bxg5 {[%emt 0:10:05]} 14. Bxg5 {[%emt 0:00:19]} Bb7 {[%emt 0:00:48]} 15. Qg4 {[%emt 0:15:59]} Rfe8 {[%emt 0:05:30]} 16. Bh6 {[%emt 0:17:24]} Qf8 {[%emt 0:03:59]} 17. Bd3 {[%emt 0:08:05]} Ne7 {[%emt 0:03:24]} 18. Bd2 {[%emt 0:03:48]} Rac8 {[%emt 0:13:48]} 19. Re3 {[%emt 0:06:08]} f5 {[%emt 0:05:20]} 20. Qe2 {[%emt 0:02:09]} Qf7 {[%emt 0:17:42]} 21. Rxe6 {[%emt 0:10:36]} Bd5 {[%emt 0:01:34]} 22. Re5 {[%emt 0:01:24]} Nc6 {[%emt 0:03:42]} 23. Rxe8+ {[%emt 0:03:57]} Rxe8 {[%emt 0:00:11]} 24. Qf1 {[%emt 0:01:08]} Na5 {[%emt 0:00:54]} 25. a4 {[%emt 0:02:59]} Rc8 {[%emt 0:01:01]} 26. Rb1 {[%emt 0:07:04]} Rc6 {[%emt 0:03:45]} 27. f3 {[%emt 0:01:40]} Nc4 {[%emt 0:01:17]} 28. Bf4 {[%emt 0:00:38]} h6 {[%emt 0:00:52]} 29. Re1 {[%emt 0:02:29]} Na5 {[%emt 0:00:34]} 30. Re5 {[%emt 0:00:27]} Bc4 {[%emt 0:01:28]} 31. h4 {[%emt 0:00:59]} Bxd3 {[%emt 0:01:13]} 32. Qxd3 {[%emt 0:00:02]} Rf6 {[%emt 0:00:13]} 33. d5 {[%emt 0:00:31]} Qd7 {[%emt 0:00:03]} 34. Qb5 {[%emt 0:01:25]} Qxb5 {[%emt 0:01:18]} 35. axb5 {[%emt 0:00:02]} Kf7 {[%emt 0:00:01]} 36. Re2 {[%emt 0:00:42]} g6 {[%emt 0:00:58]} 37. Be5 1-0

[Event "Vienna Chess Open 2019"]
[Site "Vienna"]
[Date "2019.08.18"]
[Round "2.12"]
[White "Borkovec, Milan"]
[Black "Janik, Igor"]
[Result "0-1"]
[WhiteElo "2248"]
[BlackElo "2483"]
[Annotator "ChessBase"]
[PlyCount "68"]
[EventDate "2019.08.17"]
[EventType "swiss"]
[EventCountry "AUT"]
[SourceTitle "playchess.com"]
[Source "ChessBase"]
[SourceQuality "1"]
[TimeControl "40/5400+30:1800+30"]

1. e4 {[%emt 0:00:00]} c6 {[%emt 0:00:00]} 2. d4 {[%emt 0:00:00]} d5 {[%emt 0:00:00]} 3. Nd2 {[%emt 0:00:52]} dxe4 {[%emt 0:00:00]} 4. Nxe4 {[%emt 0:00:09]} Bf5 {[%emt 0:00:00]} 5. Ng3 {[%emt 0:00:17]} Bg6 {[%emt 0:00:00]} 6. h4 {[%emt 0:00:26]} h6 {[%emt 0:00:00]} 7. h5 {[%emt 0:00:42]} Bh7 {[%emt 0:00:04]} 8. Nf3 {[%emt 0:00:09]} e6 {[%emt 0:00:02]} 9. Bd3 {[%emt 0:00:22]} Bxd3 {[%emt 0:00:06]} 10. Qxd3 {[%emt 0:00:07]} Nf6 {[%emt 0:00:04]} 11. Bd2 {[%emt 0:00:46]} c5 {[%emt 0:00:04]} 12. O-O-O {[%emt 0:04:03]} Nc6 {[%emt 0:00:05]} 13. Bc3 {[%emt 0:07:53]} Qd5 {[%emt 0:00:05]} 14. dxc5 {[%emt 0:04:32]} Qxd3 {[%emt 0:00:09]} 15. Rxd3 {[%emt 0:00:09]} Bxc5 {[%emt 0:00:05]} 16. Bxf6 {[%emt 0:19:00]} gxf6 {[%emt 0:00:42]} 17. Ne4 {[%emt 0:00:36]} Be7 {[%emt 0:00:06]} 18. Nd6+ {[%emt 0:03:47]} Bxd6 {[%emt 0:01:11]} 19. Rxd6 {[%emt 0:00:09]} Rg8 {[%emt 0:03:39]} 20. g3 {[%emt 0:00:45]} Rc8 {[%emt 0:02:30]} 21. a3 {[%emt 0:02:21]} Ke7 {[%emt 0:01:40]} 22. Rd3 {[%emt 0:09:27]} Rc7 {[%emt 0:03:41]} 23. Re1 {[%emt 0:04:44]} Na5 {[%emt 0:04:09]} 24. Nd4 {[%emt 0:14:11]} Rg5 {[%emt 0:02:42]} 25. g4 {[%emt 0:00:15]} Rxg4 {[%emt 0:12:24]} 26. Nf5+ {[%emt 0:01:37]} Ke8 {[%emt 0:00:01]} 27. Nxh6 {[%emt 0:00:14]} Rg5 {[%emt 0:00:42]} 28. Rf3 {[%emt 0:09:52]} Kf8 {[%emt 0:02:51]} 29. Rg3 {[%emt 0:04:44]} Rxg3 {[%emt 0:05:06]} 30. fxg3 {[%emt 0:00:06]} f5 {[%emt 0:00:06]} 31. g4 {[%emt 0:01:00]} Kg7 {[%emt 0:00:50]} 32. g5 {[%emt 0:03:13]} Nb3+ {[%emt 0:01:01]} 33. Kb1 {[%emt 0:00:46]} Nd2+ {[%emt 0:00:13]} 34. Kc1 {[%emt 0:01:07]} Nf3 {[%emt 0:00:08]} 0-1

[Event "Vienna Chess Open 2019"]
[Site "Vienna"]
[Date "2019.08.18"]
[Round "2.12"]
[White "Meyer, Gordon"]
[Black "Janzelj, Tim"]
[Result "1/2-1/2"]
[WhiteElo "2225"]
[BlackElo "2435"]
[Annotator "ChessBase"]
[PlyCount "147"]
[EventDate "2019.08.17"]
[EventType "swiss"]
[EventCountry "AUT"]
[SourceTitle "playchess.com"]
[Source "ChessBase"]
[SourceQuality "1"]
[TimeControl "40/5400+30:1800+30"]

1. e4 {[%emt 0:00:00]} c5 {[%emt 0:05:07]} 2. Nf3 {[%emt 0:00:00]} e6 {[%emt 0:00:19]} 3. d4 {[%emt 0:00:41]} cxd4 {[%emt 0:00:12]} 4. Nxd4 {[%emt 0:00:04]} a6 {[%emt 0:00:56]} 5. c4 {[%emt 0:00:13]} Nf6 {[%emt 0:00:21]} 6. Nc3 {[%emt 0:00:11]} Qc7 {[%emt 0:00:58]} 7. Nc2 {[%emt 0:01:19]} Be7 {[%emt 0:01:14]} 8. Be2 {[%emt 0:00:19]} O-O {[%emt 0:00:14]} 9. O-O {[%emt 0:00:16]} d6 {[%emt 0:02:04]} 10. Be3 {[%emt 0:01:14]} b6 {[%emt 0:00:34]} 11. Rc1 {[%emt 0:01:41]} Bb7 {[%emt 0:00:20]} 12. f3 {[%emt 0:01:25]} Nbd7 {[%emt 0:00:20]} 13. Qe1 {[%emt 0:00:52]} Rac8 {[%emt 0:00:37]} 14. Qf2 {[%emt 0:01:13]} Bd8 {[%emt 0:01:22]} 15. Rfd1 {[%emt 0:03:01]} Qb8 {[%emt 0:00:41]} 16. Kh1 {[%emt 0:04:52]} Bc7 {[%emt 0:00:39]} 17. Qg1 {[%emt 0:04:53]} Rfe8 {[%emt 0:01:26]} 18. Bf1 {[%emt 0:01:38]} h5 {[%emt 0:05:10]} 19. b4 {[%emt 0:02:22]} h4 {[%emt 0:02:42]} 20. Ne1 {[%emt 0:04:34]} Qa8 {[%emt 0:19:16]} 21. Rc2 {[%emt 0:26:59]} Bb8 {[%emt 0:12:02]} 22. Na4 {[%emt 0:05:03]} b5 {[%emt 0:08:06]} 23. cxb5 {[%emt 0:15:59]} Rxc2 {[%emt 0:00:25]} 24. Nxc2 {[%emt 0:00:32]} axb5 {[%emt 0:00:07]} 25. Bxb5 {[%emt 0:01:19]} Rc8 {[%emt 0:01:04]} 26. Ne1 {[%emt 0:05:17]} d5 {[%emt 0:04:54]} 27. Qf2 {[%emt 0:05:32]} Bd6 {[%emt 0:11:42]} 28. exd5 {[%emt 0:01:30]} Bxd5 {[%emt 0:00:13]} 29. Qxh4 {[%emt 0:00:17]} Rb8 {[%emt 0:02:12]} 30. Nc3 {[%emt 0:01:05]} Ne5 {[%emt 0:02:55]} 31. a4 Be7 {[%emt 0:09:20]} 32. Qg3 {[%emt 0:09:01]} Ng6 {[%emt 0:04:00]} 33. Nxd5 {[%emt 0:01:00]} Nxd5 {[%emt 0:00:18]} 34. Bc6 {[%emt 0:00:59]} Qxc6 {[%emt 0:00:48]} 35. Qxb8+ {[%emt 0:00:04]} Kh7 {[%emt 0:00:05]} 36. b5 {[%emt 0:00:32]} Qc4 {[%emt 0:00:05]} 37. Bg1 {[%emt 0:01:11]} Qe2 {[%emt 0:03:00]} 38. Rb1 {[%emt 0:00:56]} Nc3 {[%emt 0:00:37]} 39. Rc1 {[%emt 0:00:24]} Qd2 {[%emt 0:00:28]} 40. Rxc3 {[%emt 0:00:59]} Qxc3 {[%emt 0:00:02]} 41. Bf2 {[%emt 0:04:25]} Qc4 {[%emt 0:14:39]} 42. Kg1 {[%emt 0:03:13]} Nf4 {[%emt 0:03:41]} 43. Qe5 {[%emt 0:01:06]} Ne2+ {[%emt 0:00:22]} 44. Kh1 {[%emt 0:00:13]} Nc3 {[%emt 0:00:07]} 45. Qe3 {[%emt 0:03:01]} g6 {[%emt 0:06:40]} 46. Qd3 {[%emt 0:06:57]} Qb4 {[%emt 0:00:09]} 47. Qd4 {[%emt 0:02:04]} Qb3 {[%emt 0:02:36]} 48. b6 {[%emt 0:01:54]} Nd5 {[%emt 0:07:40]} 49. a5 {[%emt 0:00:58]} Qb5 {[%emt 0:00:01]} 50. Nd3 {[%emt 0:04:08]} Bf6 {[%emt 0:01:14]} 51. Qe4 {[%emt 0:01:26]} Qxa5 {[%emt 0:00:16]} 52. b7 {[%emt 0:03:08]} Qb5 {[%emt 0:00:15]} 53. Nc5 {[%emt 0:01:16]} Be7 {[%emt 0:01:15]} 54. Qd3 {[%emt 0:02:18]} Qb2 {[%emt 0:00:05]} 55. Qd4 {[%emt 0:01:14]} Qb1+ {[%emt 0:00:33]} 56. Bg1 {[%emt 0:00:08]} Bxc5 {[%emt 0:00:36]} 57. Qxc5 {[%emt 0:00:11]} Qxb7 {[%emt 0:00:01]} 58. h3 {[%emt 0:00:50]} Qb1 {[%emt 0:00:13]} 59. Qf2 {[%emt 0:00:17]} Kg8 {[%emt 0:00:10]} 60. Kh2 {[%emt 0:00:13]} Qf5 {[%emt 0:00:57]} 61. Qh4 {[%emt 0:00:10]} Qe5+ {[%emt 0:01:06]} 62. Qg3 {[%emt 0:00:18]} Nf4 {[%emt 0:00:12]} 63. Bf2 {[%emt 0:01:17]} f6 {[%emt 0:00:09]} 64. Be1 {[%emt 0:00:17]} Qf5 {[%emt 0:00:56]} 65. Bd2 {[%emt 0:00:26]} e5 {[%emt 0:00:53]} 66. Bxf4 {[%emt 0:00:11]} Qxf4 {[%emt 0:00:41]} 67. Qxf4 {[%emt 0:00:14]} exf4 {[%emt 0:00:01]} 68. g3 {[%emt 0:00:29]} fxg3+ {[%emt 0:00:46]} 69. Kxg3 {[%emt 0:00:04]} Kg7 {[%emt 0:00:21]} 70. Kg4 {[%emt 0:00:20]} Kh6 {[%emt 0:00:07]} 71. f4 {[%emt 0:00:29]} f5+ {[%emt 0:00:09]} 72. Kh4 {[%emt 0:00:14]} g5+ {[%emt 0:00:04]} 73. fxg5+ {[%emt 0:00:06]} Kg6 {[%emt 0:00:04]} 74. Kg3 {[%emt 0:00:03]} 1/2-1/2

[Event "Vienna Chess Open 2019"]
[Site "Vienna"]
[Date "2019.08.18"]
[Round "3.1"]
[White "Ankit, R. Rajpara"]
[Black "Huber, Martin Christian"]
[Result "1/2-1/2"]
[WhiteElo "2454"]
[BlackElo "2337"]
[Annotator "ChessBase"]
[PlyCount "53"]
[EventDate "2019.08.17"]
[EventType "swiss"]
[EventCountry "AUT"]
[SourceTitle "playchess.com"]
[Source "ChessBase"]
[SourceQuality "1"]
[TimeControl "40/5400+30:1800+30"]

1. d4 {[%emt 0:00:00]} Nf6 {[%emt 0:00:00]} 2. Nf3 {[%emt 0:00:00]} g6 {[%emt 0:00:15]} 3. Nbd2 {[%emt 0:00:00]} c5 {[%emt 0:03:08]} 4. dxc5 {[%emt 0:01:56]} Qa5 {[%emt 0:00:29]} 5. b3 {[%emt 0:01:01]} Bg7 {[%emt 0:04:10]} 6. Bb2 {[%emt 0:00:24]} Qxc5 {[%emt 0:02:17]} 7. e3 {[%emt 0:00:25]} O-O {[%emt 0:00:50]} 8. Be2 {[%emt 0:00:43]} b6 {[%emt 0:04:43]} 9. O-O {[%emt 0:01:48]} Bb7 {[%emt 0:00:10]} 10. c4 {[%emt 0:00:57]} d6 {[%emt 0:01:10]} 11. Rc1 {[%emt 0:01:18]} Nbd7 {[%emt 0:00:42]} 12. Nb1 {[%emt 0:09:27]} Ne4 {[%emt 0:18:43]} 13. Bxg7 {[%emt 0:17:37]} Kxg7 {[%emt 0:00:10]} 14. Nd4 {[%emt 0:03:33]} Qg5 {[%emt 0:05:21]} 15. g3 {[%emt 0:16:02]} h5 {[%emt 0:14:40]} 16. Nd2 {[%emt 0:10:49]} Ndf6 {[%emt 0:04:09]} 17. Nxe4 {[%emt 0:03:11]} Nxe4 {[%emt 0:02:46]} 18. Bf3 {[%emt 0:01:27]} h4 {[%emt 0:10:23]} 19. Bxe4 {[%emt 0:04:07]} Bxe4 {[%emt 0:00:13]} 20. Nf3 {[%emt 0:00:33]} Bxf3 {[%emt 0:03:54]} 21. Qxf3 {[%emt 0:00:22]} Rh8 {[%emt 0:03:02]} 22. Rfd1 {[%emt 0:02:45]} hxg3 {[%emt 0:01:32]} 23. hxg3 {[%emt 0:00:18]} Qh5 {[%emt 0:00:56]} 24. Qxh5 {[%emt 0:01:43]} Rxh5 {[%emt 0:00:13]} 25. Rd5 {[%emt 0:00:52]} Rah8 {[%emt 0:01:30]} 26. Rxh5 {[%emt 0:03:13]} Rxh5 {[%emt 0:00:35]} 27. Kg2 {[%emt 0:02:15]} 1/2-1/2

[Event "Vienna Chess Open 2019"]
[Site "Vienna"]
[Date "2019.08.18"]
[Round "3.1"]
[White "Valmana Canto, Jaime"]
[Black "Zetthofer, Gerald"]
[Result "1-0"]
[WhiteElo "2406"]
[BlackElo "2273"]
[Annotator "NA"]
[PlyCount "31"]
[EventDate "2019.08.17"]
[EventType "swiss"]
[EventCountry "AUT"]
[SourceTitle "playchess.com"]
[Source "ChessBase"]
[SourceQuality "1"]
[TimeControl "40/5400+30:1800+30"]

1. e4 {[%emt 0:04:37]} c6 {[%emt 0:00:00]} 2. Nc3 {[%emt 0:02:02]} d5 {[%emt 0:00:00]} 3. Nf3 {[%emt 0:00:05]} d4 {[%emt 0:02:02]} 4. Ne2 {[%emt 0:00:35]} c5 {[%emt 0:00:24]} 5. c3 {[%emt 0:04:44]} Nc6 {[%emt 0:00:14]} 6. cxd4 {[%emt 0:00:43]} cxd4 {[%emt 0:01:45]} 7. Qa4 {[%emt 0:00:22]} Bd7 {[%emt 0:03:21]} 8. Nexd4 {[%emt 0:00:25]} e5 {[%emt 0:00:28]} 9. Nxc6 {[%emt 0:00:15]} Bxc6 {[%emt 0:00:44]} 10. Bb5 {[%emt 0:00:07]} Bd6 {[%emt 0:05:49]} 11. Bxc6+ {[%emt 0:00:59]} bxc6 {[%emt 0:00:04]} 12. Qxc6+ {[%emt 0:00:15]} Kf8 {[%emt 0:01:23]} 13. O-O {[%emt 0:00:41]} Ne7 {[%emt 0:00:17]} 14. Qa6 {[%emt 0:00:31]} g6 {[%emt 0:02:04]} 15. d4 {[%emt 0:00:30]} exd4 {[%emt 0:00:54]} 16. Bh6+ {[%emt 0:00:08]} 1-0

[Event "Vienna Chess Open 2019"]
[Site "Vienna"]
[Date "2019.08.18"]
[Round "3.1"]
[White "Muckle, Julius"]
[Black "Dastan, Muhammed Batuhan"]
[Result "1/2-1/2"]
[WhiteElo "2368"]
[BlackElo "2582"]
[Annotator "TA"]
[PlyCount "153"]
[EventDate "2019.08.17"]
[EventType "swiss"]
[EventCountry "AUT"]
[SourceTitle "playchess.com"]
[Source "ChessBase"]
[SourceQuality "1"]

{[%evp 21,153,20,37,12,21,7,25,30,39,23,11,0,0,0,0,0,0,0,0,0,0,-20,0,0,0,0,0,0,0,0,18,12,18,0,24,22,16,25,38,47,34,49,44,29,84,81,105,100,112,104,107,69,62,52,54,54,70,33,33,33,118,118,114,102,91,76,137,130,116,70,66,69,68,68,71,66,73,66,113,113,106,96,115,77,66,56,77,77,136,136,136,136,136,136,136,136,136,136,136,136,136,136,136,136,136,136,136,136,136,0,136,136,136,136,136,136,158,52,82,8,27,8,8,8,8,8,8,8,8,8,8,8,8,8]} 1. d4 f5 2. c4 Nf6 3. Nc3 d6 4. Nf3 g6 5. g3 Bg7 6. Bg2 O-O 7. O-O c6 8. d5 e5 9. dxe6 Bxe6 10. b3 Na6 11. Bb2 Qc7 12. Rc1 {A88: Dutch Defence: Leningrad System: 5 Nf3 0-0 6 0-0 d6 7 Nc3 c6} (12. Nd4 Bd7 13. Qc2 f4 14. Rad1 fxg3 15. hxg3 Rae8 16. Nf3 Nc5 17. b4 Bf5 18. Qd2 Nce4 19. Nxe4 Nxe4 {½-½ (40) Romanov,E (2626)-Fedoseev,V (2718) St Petersburg 2017}) 12... Rad8 13. Qc2 Kh8 $146 ({Predecessor:} 13... Bc8 14. Rfd1 Rfe8 15. Nd4 Ne4 16. e3 Qe7 {1-0 (42) Bremner,W (1684)-Yagiz,B (1862) Quebec 2018}) 14. Rfd1 {White has an edge.} Bg8 15. Nh4 Rfe8 16. e4 fxe4 17. Nxe4 Nxe4 18. Bxe4 Nb4 19. Qb1 Bxb2 20. Qxb2+ Qg7 21. Qb1 (21. Qd2 {feels hotter.} Rxe4 22. Qxb4 d5 23. Re1 Rde8 24. Ng2) 21... Nxa2 22. Qxa2 Rxe4 23. Qxa7 d5 24. Ng2 Rf8 {[%cal Rd5c4]} 25. Ne3 {[%cal Rc4d5]} d4 26. Nc2 {[%cal Rc2d4]} Qf6 27. Rd2 (27. f4 Rd8 $15) 27... Be6 28. Nxd4 Bh3 29. Qa1 Kg8 {aiming for ...Rxd4!} 30. Re1 Rfe8 31. Rxe4 Rxe4 32. f3 Re8 (32... Qg5 $1 $11 33. Rd3 Re8) 33. Kf2 $16 Rd8 {Strongly threatening ...c5.} 34. Qc3 Rd7 35. Qe3 Re7 36. Qf4 (36. Qh6 {is more complex.} Qe5 37. Ne6 Qxe6 38. Rd8+ Re8 39. Rxe8+ Qxe8 40. Qxh3 Kg7 41. Qg4) 36... Qxf4 37. gxf4 $14 {[%mdl 4096] Endgame KRB-KRN} Rd7 {...c5 is the strong threat.} 38. b4 Be6 39. c5 Kf7 40. Ke3 Bd5 (40... Re7 $14) 41. Ne2 $1 $16 Re7+ 42. Kf2 Be6 43. Rd6 Ke8 (43... Rd7 $142) 44. Nc3 Bf5 45. b5 cxb5 46. Nxb5 Bd7 47. Nd4 Bc8 48. Rd5 Be6 49. Re5 Kd7 50. Ke3 Bd5 51. h4 Bc4 52. Rxe7+ Kxe7 {KB-KN} 53. f5 Kf6 54. fxg6 hxg6 {[#]} ({Black should try} 54... Kxg6 55. Kf4 Kf6) 55. Kf4 $1 Bd3 {[#]} 56. Nb3 $1 Bc4 57. Nd2 Bd5 58. Ne4+ Ke6 59. Kg5 Kf7 60. Nd6+ Kg7 61. f4 Bc6 62. f5 gxf5 63. Nxf5+ Kh7 64. Kf6 Bf3 65. Kg5 ({White should play} 65. Nd4 $16 Be4 66. Kg5) 65... Kg8 (65... Bc6 $11 {remains equal.}) 66. Kg6 {Black must now prevent Nd6.} Kf8 67. Kf6 {And now Nd6 would win.} Ke8 68. Ke6 ({Reject} 68. h5 $6 Bxh5 69. Ke5 (69. Ng7+ Kd7 $11) 69... Kd7 $11) 68... Kf8 69. Kd6 (69. Nd4 $16 Bh5 70. Nf5) 69... Kf7 $14 70. Kc7 (70. Nd4 $16 Bg4 71. Ke5 (71. Kc7 Kg6 $11)) 70... Kg6 71. Nd6 (71. Ng3 {looks sharper.} Kf6 72. Kb6 Bg2 73. Kb5 Ke5 74. h5) 71... Kh5 {The position is equal.} 72. Nxb7 Kxh4 73. Nd6 Kg5 74. Nc8 Kf6 75. Kd6 Kf7 76. Nb6 Ke8 77. Nc4 {Accuracy: White = 64%, Black = 60%.} 1/2-1/2

[Event "Vienna Chess Open 2019"]
[Site "Vienna"]
[Date "2019.08.18"]
[Round "3.2"]
[White "Stark, Lars"]
[Black "Peralta, Fernando"]
[Result "1-0"]
[WhiteElo "2362"]
[BlackElo "2572"]
[Annotator "TA"]
[PlyCount "121"]
[EventDate "2019.08.17"]
[EventType "swiss"]
[EventCountry "AUT"]
[SourceTitle "playchess.com"]
[Source "ChessBase"]
[SourceQuality "1"]

{[%evp 17,123,10,18,16,16,-9,6,8,8,0,7,0,-8,-2,3,0,0,-12,40,0,14,-17,0,0,0,-16,10,0,0,0,14,-22,-16,-25,-46,-79,0,-47,-46,-39,-42,-29,-26,-29,-20,-33,-42,-27,1,0,147,134,208,120,209,211,263,230,289,210,280,289,269,144,273,260,306,296,281,218,265,260,307,272,297,275,345,302,348,341,472,406,439,257,259,236,242,247,225,220,273,272,271,260,433,426,458,431,681,681,651,664,609,583,645,631,759,775]} 1. c4 Nf6 2. g3 e6 3. Bg2 d5 4. Nf3 dxc4 5. Qa4+ Nbd7 6. Qxc4 c5 7. Qb3 Rb8 8. d3 Bd6 9. a4 b6 10. Na3 {A13: English Opening: 1...e6} a6 11. O-O Qe7 12. Bd2 {The position is equal.} O-O 13. Nc4 Bc7 14. Rfc1 Bb7 15. Qa3 Nd5 {[#]} 16. Bg5 $146 ({Predecessor:} 16. d4 Rfc8 17. dxc5 bxc5 {½-½ (41) Shimanov,A (2591)-Riazantsev,A (2684) Taganrog 2015}) 16... f6 17. Bd2 Rfd8 (17... f5 $11) 18. Qb3 Kh8 19. Qc2 Rbc8 20. Qb3 Ba8 21. Be1 Nb8 22. Bd2 a5 23. d4 Nc6 24. dxc5 bxc5 25. Na3 e5 {And now ...e4 would win.} 26. Nb5 Bb6 (26... e4 $17 27. Nh4 Nd4 28. Nxd4 cxd4) 27. Nh4 e4 28. Nf5 Qe6 29. Ne3 $1 Nd4 30. Nxd4 $1 cxd4 31. Nc4 Ba7 {Threatens to win with ...e3.} 32. Bxa5 Re8 (32... Rb8 $5 {[%cal Rb8b3]} 33. Qd1 Rdc8 $14) 33. Na3 $36 {[%mdl 2048] Black is under pressure.} e3 (33... Qa6 $11 34. Qb5 Qe6) 34. f3 $1 $16 Bc5 (34... Rxc1+ $16 {was necessary.} 35. Rxc1 Rc8) 35. Qd3 (35. Nb5 $18) 35... f5 (35... Bxa3 $16 36. bxa3 Bb7) 36. Nb5 Qa6 {[#]} 37. Be1 $1 Qf6 38. Rab1 Qf8 39. Nxd4 Rcd8 {Now ...Nb6 and Black clings on.} 40. Nb3 ({But not} 40. Nxf5 $6 Nf4 $18) ({Better is} 40. Qc4 $18 Bd6 41. a5) 40... Ba7 (40... Bb4 $16) 41. Qa6 $18 Qf7 42. Nc5 f4 43. Ne4 fxg3 44. hxg3 ({Much less strong is} 44. Bxg3 $6 Bb8 $18) 44... Bd4 45. Qc4 Be5 46. f4 Bb8 47. Rd1 Qg6 {aiming for ...Rc8.} 48. Ng5 h6 49. Be4 Qh5 50. Bf3 ({And not} 50. Rxd5 Bxd5 51. Bxd5 hxg5 $11) (50. Bxd5 $142 {Black must now prevent Nf7+.} Rxd5 51. Rxd5) 50... Qg6 {[#]} 51. Qd3 $1 {[%cal Rd3g6]} Qxd3 52. Rxd3 {Strongly threatening Nf7+.} hxg5 53. Rbd1 gxf4 54. Bxd5 Bxd5 55. Rxd5 Rxd5 $2 (55... Rc8 56. gxf4 Bxf4) 56. Rxd5 {White is clearly winning.} fxg3 {[%mdl 4096] Endgame KRB-KRB} 57. b4 Rc8 (57... Kg8 $142 58. Rd3 Kf7) 58. Rc5 Rd8 59. Kg2 Kh7 60. Bxg3 Ba7 61. Rc6 {Played: Rc5-c7} 1-0

[Event "Vienna Chess Open 2019"]
[Site "Vienna"]
[Date "2019.08.18"]
[Round "3.2"]
[White "Mostbauer, Florian"]
[Black "Buckels, Valentin"]
[Result "1/2-1/2"]
[WhiteElo "2338"]
[BlackElo "2453"]
[Annotator "ChessBase"]
[PlyCount "51"]
[EventDate "2019.08.17"]
[EventType "swiss"]
[EventCountry "AUT"]
[SourceTitle "playchess.com"]
[Source "ChessBase"]
[SourceQuality "1"]
[TimeControl "40/5400+30:1800+30"]

1. d4 {[%emt 0:00:00]} Nf6 {[%emt 0:03:04]} 2. Nf3 {[%emt 0:00:00]} e6 {[%emt 0:00:10]} 3. e3 {[%emt 0:00:00]} b6 {[%emt 0:00:35]} 4. Bd3 {[%emt 0:00:00]} Bb7 {[%emt 0:00:24]} 5. O-O {[%emt 0:00:09]} c5 {[%emt 0:01:19]} 6. c4 {[%emt 0:00:15]} g6 {[%emt 0:02:34]} 7. Nc3 {[%emt 0:01:39]} Bg7 {[%emt 0:01:17]} 8. d5 {[%emt 0:05:31]} exd5 {[%emt 0:12:50]} 9. cxd5 {[%emt 0:00:12]} O-O {[%emt 0:00:48]} 10. e4 {[%emt 0:00:42]} d6 {[%emt 0:00:19]} 11. Re1 {[%emt 0:02:16]} Re8 {[%emt 0:02:38]} 12. Nd2 {[%emt 0:03:59]} Ba6 {[%emt 0:07:37]} 13. Bxa6 {[%emt 0:01:33]} Nxa6 {[%emt 0:00:02]} 14. Nc4 {[%emt 0:03:09]} Qd7 {[%emt 0:11:33]} 15. a4 {[%emt 0:04:37]} Nc7 {[%emt 0:03:43]} 16. Bf4 {[%emt 0:05:16]} Bf8 {[%emt 0:00:28]} 17. f3 {[%emt 0:04:20]} Nh5 {[%emt 0:04:31]} 18. Be3 {[%emt 0:08:13]} f5 {[%emt 0:02:22]} 19. exf5 {[%emt 0:04:25]} gxf5 {[%emt 0:00:48]} 20. Qd2 {[%emt 0:07:22]} Bg7 {[%emt 0:07:16]} 21. Bf2 {[%emt 0:01:47]} h6 {[%emt 0:08:09]} 22. Be3 {[%emt 0:04:52]} Kh7 {[%emt 0:00:24]} 23. Qd3 {[%emt 0:00:49]} Kh8 {[%emt 0:06:04]} 24. Qd2 {[%emt 0:02:02]} Kh7 {[%emt 0:05:05]} 25. Qd3 {[%emt 0:00:42]} Kh8 {[%emt 0:02:18]} 26. Qd2 {[%emt 0:01:24]} 1/2-1/2

[Event "Vienna Chess Open 2019"]
[Site "Vienna"]
[Date "2019.08.18"]
[Round "3.2"]
[White "Steindl, Johannes"]
[Black "Schwabeneder, Florian"]
[Result "1/2-1/2"]
[WhiteElo "2277"]
[BlackElo "2404"]
[Annotator "NA"]
[PlyCount "28"]
[EventDate "2019.08.17"]
[EventType "swiss"]
[EventCountry "AUT"]
[SourceTitle "playchess.com"]
[Source "ChessBase"]
[SourceQuality "1"]
[TimeControl "40/5400+30:1800+30"]

1. e4 {[%emt 0:11:29]} e6 {[%emt 0:00:59]} 2. d4 {[%emt 0:00:11]} d5 {[%emt 0:00:08]} 3. Nc3 {[%emt 0:00:06]} Nc6 {[%emt 0:00:52]} 4. Nf3 {[%emt 0:00:10]} Nf6 {[%emt 0:00:09]} 5. Bd3 {[%emt 0:00:17]} Nb4 {[%emt 0:00:45]} 6. e5 {[%emt 0:01:15]} Nxd3+ {[%emt 0:02:10]} 7. cxd3 {[%emt 0:00:08]} Ng8 {[%emt 0:02:03]} 8. Bd2 {[%emt 0:06:26]} Ne7 {[%emt 0:12:11]} 9. Rc1 {[%emt 0:03:08]} c6 {[%emt 0:04:59]} 10. h4 {[%emt 0:25:44]} h5 {[%emt 0:14:46]} 11. Ne2 {[%emt 0:03:51]} Nf5 {[%emt 0:03:56]} 12. Ng3 {[%emt 0:04:09]} Qb6 {[%emt 0:06:16]} 13. Nxf5 {[%emt 0:01:28]} exf5 {[%emt 0:00:13]} 14. Qc2 {[%emt 0:03:35]} Be6 {[%emt 0:12:01]} 1/2-1/2